000 00304nam a2200145Ia 4500
100 _aBinder/kate
650 _aAutomobiles
942 _cBK
654 _aPhotoshop 4 Complete
245 _aPhotoshop 4 Complete
260 _bTechmedia
_aNewDelhi
300 _a1054
546 _aENGLISH
999 _c17879
_d17879